000 00402nam a2200145Ia 4500
041 _aArabic
082 _a345 cut-594 ا
100 _a20260118u\\\\\\\\\\\y0engy0103\\\\ba
100 _aعلي عبدالله اسود
245 0 _aالركن المعنوي للجرائم غير العمدية
250 _aط1
260 _bمطبعة شهاب
_aاربيل
_c2010
300 _a68
942 _cBk
999 _c189787
_d189787